Mazowieckie - prawda czy fałsz? - Statystyki

Ogólne statystyki
  • Ten quiz został rozwiązany 54 razy
  • Średni wynik to 11 z 15
Statystyki odpowiedzi
Zagadnienie Odpowiedź % Poprawnych
Tomaszów Mazowieckie leży w województwie mazowieckim Fałsz
100%
Marszałkiem województwa jest Adam Struzik Prawda
100%
Podkowa Leśna to miasto z największym procentem osób zaszczepionych w Polsce Prawda
100%
W województwie są 3 miasta powyżej 200 tyś mieszkańców Fałsz
75%
Piaseczyński to największy powiat ziemski w województwie Fałsz
75%
Zamek Krzyżtopór znajduje się w województwie Mazowieckim Fałsz
75%
Wojewodą jest Konstanty Radziwiłł Fałsz
75%
Białoruś graniczy z województwem mazowieckim Fałsz
75%
Legionowo to miasto największej gęstości zaludnienia w Polsce Prawda
75%
Maria Skłodowska-Curie urodziła się w Mazowieckim Prawda
75%
Kampinoski Park Narodowy to jedyny park narodowy w województwie Prawda
75%
Podczas zaborów Mazowieckie należało do Carstwa Rosyjskiego Prawda
75%
Największą powierzchnie posiada powiat ostrołęcki Prawda
50%
Pałac w Wilanowie powstał w XVIII wieku Fałsz
25%
Mazowieckie posiada więcej miast niż województwo Dolnośląskie Fałsz
0%
Nie znaleziono quizów pasujących do podanych kryteriów
Rozkład punktacji
Procent ludzi z każdym wynikiem
Percentyl według liczby udzielonych odpowiedzi
Twoja historia wyników
Nie rozwiązałeś tego quizu